000 00339nam a22001457a 4500
003 OSt
005 20160727222400.0
008 160623b xxu||||| |||| 00| 0 eng d
040 _cTEST
100 _9666
_aSanders, D, H
245 _aComputers Today
260 _aSINGAPORE
_b McGraw Hill
_c1998
300 _aComputers Today
942 _2ddc
_cBK
999 _c541
_d541